000 01439cam a22004694i 4500
003 PE-LiUPU
005 20251114105843.0
008 150617s1991 sp a r 000 0 spa d
020 _a8471517116
020 _a9788471517111
035 _a(Sirsi) i9788471517111
040 _aPE-LiUPU
_bspa
_cPE-LiUPU
_erda
049 _aPRUA
082 0 4 _a241.03
_bV649d
_223
100 1 _aVidal, Marciano,
_eautor.
245 1 0 _aDiccionario de ética teológica /
_cMarciano Vidal.
264 1 _aNavarra, España :
_bVerbo Divino,
_c1991.
300 _a649 páginas :
_bilustraciones ;
_c24 centímetros
336 _atext
_2rdacontent
337 _aunmediated
_2rdamedia
338 _avolume
_2rdacarrier
504 _aIncluye bibliografía.
505 0 _aPresentación -- Conceptos (por orden alfabético) -- Bibliografía general -- Lectura sistemática del diccionario -- Indice alfabético de los conceptos.
526 _aSEG42
526 _aSEG41
526 _aSEG40
526 _aSEG39
526 _aP94
526 _aP87
526 _aP86
526 _aP85
526 _aP77
526 _aP76
526 _aP35
650 1 4 _aÉtica teológica
_vDiccionarios.
_97621
650 2 4 _aMoral cristiana
_vDiccionarios.
_93843
650 2 4 _aTeología moral
_xDiccionarios.
_96664
910 _ajck
942 _2ddc
_cBK
980 _818226
_gJaime Vilcazán Jefe de Análisis Documental
999 _c56540 | 1
_d56540